Dictionary of computers (Record no. 349736)

000 -LEADER
fixed length control field 00324cam a22001217a 4500
008 - FIXED-LENGTH DATA ELEMENTS--GENERAL INFORMATION
fixed length control field 180718b1987 xxu||||| |||| 00| 0 eng d
082 ## - DEWEY DECIMAL CLASSIFICATION NUMBER
Classification number I5372053 N164 R
100 ## - MAIN ENTRY--PERSONAL NAME
Personal name Narang, M.L.
245 ## - TITLE STATEMENT
Title Dictionary of computers
Statement of responsibility, etc. by M.L. Narang
260 ## - PUBLICATION, DISTRIBUTION, ETC.
Place of publication, distribution, etc. Delhi
Name of publisher, distributor, etc. Anmol
Date of publication, distribution, etc. 1987
300 ## - PHYSICAL DESCRIPTION
Extent 274p.
650 ## - SUBJECT ADDED ENTRY--TOPICAL TERM
Topical term or geographic name entry element Computers - Dictionaries
Holdings
Withdrawn status Lost status Damaged status Not for loan Permanent Location Current Location Date acquired Full call number Barcode Date last seen Price effective from Koha item type
        Indian Institute of Public Administration Indian Institute of Public Administration 1993-11-02 I5372053 N164 R 63137 2018-07-21 2018-07-21 Book

Powered by Koha